000 00801nam a22002175i 4500
001 12032
003 ES-MaACL
005 20230906150226.0
008 950322s1993 sp ||||0| spa
020 _a84-604-4948-3
080 _a347(460)(091)
100 1 _aPeláez, Manuel J.
_9130966
245 1 0 _aTrabajos de historia del derecho privado /
_cManuel J. Peláez.
260 _aMarbella :
_bAsociación Meridional para el Fomento Interuniversitario de los Bienes Demoantropológicos,
_c1993.
300 _a225 p ;
_c22 cm.
504 _aBibliografía.
594 _aEn port.: Barcelona 1993.
650 _aDerecho civil-
_zEspaña-
_vHistoria.
_911661
710 2 _aAsociación Meridional para el Fomento Interuniversitario de los Bienes Demoantropológicos.
_91751
852 _aES-MaACL
_jL-19371
999 _c12032
_d12032